Diario-boceto

Uloženo v:
Podrobná bibliografie
Hlavní autor: Niemeyer, Oscar (autor)
Médium: Kniha
Jazyk:španělština
Vydáno: Buenos Aires Manantial SRL 2014
Vydání:1a. ed
Edice:Nomadismos
Témata:
Tagy: Přidat tag
Žádné tagy, Buďte první, kdo vytvoří štítek k tomuto záznamu!

MARC

LEADER 00000cam a2200000 a 4500
001 UCD8556
003 CL-VaPUC
008 170519e20140000ag |||||||||||||||||spa|d
020 |a 9789875001800 
082 0 4 |a 720.01  |b NIE  |2 21 
100 |a Niemeyer, Oscar  |e autor  |9 303576 
245 1 0 |a Diario-boceto 
250 |a 1a. ed 
300 |a 232 p 
942 |c BK 
945 |d 20170519 15:42:00  |a dcastane 
260 |a Buenos Aires  |b Manantial SRL  |c 2014 
650 0 |a Filosofía de la arquitectura  |9 267382 
650 0 |a Biografías  |9 255210 
650 0 |a Historia de la arquitectura  |9 266241 
650 0 |a Arquitectos brasileños   |9 490125 
583 |a last modification  |c 20170519 15:42:00  |k Rodrigo Vera 
490 0 |a Nomadismos 
999 |c 367938  |d 367936 
952 |0 0  |1 0  |3 erb  |4 0  |6 720_010000000000000_NIE_2014  |7 0  |8 R  |9 483158  |a BIBART  |b BIBART  |i 5376092  |o 720.01 NIE 2014  |p 5376092  |r 2025-03-13  |w 2019-11-24  |y BK_R  |z Catalogado en:20170519  |k ART 
952 |0 0  |1 0  |3 erb  |4 0  |6 720_010000000000000_NIE_2014  |7 0  |8 A  |9 483159  |a BIBARQ  |b BIBARQ  |i 5410959  |l 1  |o 720.01 NIE 2014  |p 5410959  |r 2025-01-20  |s 2023-11-14  |w 2019-11-24  |y BK  |z Catalogado en:20170721  |k ARQ